LEADER 01513nam 2200517 450 001 9910788933403321 005 20200520144314.0 010 $a1-306-18860-1 010 $a1-84969-845-7 035 $a(CKB)3710000000057157 035 $a(OCoLC)862612478 035 $a(CaPaEBR)ebrary10794292 035 $a(SSID)ssj0001139667 035 $a(PQKBManifestationID)11617435 035 $a(PQKBTitleCode)TC0001139667 035 $a(PQKBWorkID)11214184 035 $a(PQKB)11349107 035 $a(MiAaPQ)EBC1532036 035 $a(Au-PeEL)EBL1532036 035 $a(CaPaEBR)ebr10794292 035 $a(CaONFJC)MIL550111 035 $a(PPN)228010616 035 $a(EXLCZ)993710000000057157 100 $a20111102d2013 uy 0 101 0 $aeng 135 $aurcnu|||||||| 181 $ctxt 182 $cc 183 $acr 200 10$aInstant PLC programming with RSLogix 5000 /$fAustin Scott 210 1$aBirmingham :$cPackt Publishing,$d2013. 215 $a1 online resource (68 p.) 300 $aBibliographic Level Mode of Issuance: Monograph 311 $a1-84969-844-9 606 $aProgrammable controllers 606 $aProgrammable logic devices 615 0$aProgrammable controllers. 615 0$aProgrammable logic devices. 700 $aScott$b Austin$01473053 801 0$bMiAaPQ 801 1$bMiAaPQ 801 2$bMiAaPQ 906 $aBOOK 912 $a9910788933403321 996 $aInstant PLC programming with RSLogix 5000$93686098 997 $aUNINA LEADER 01206nam0 22002771i 450 001 UON00222806 005 20231205103422.743 010 $a01-982074-4-1 100 $a20030730d1999 |0itac50 ba 101 $aeng 102 $aGB 105 $a|||| ||||| 200 1 $aˆThe ‰ triumph oh the moon$ea history of modern pagan witchcraft$fRonald Hutton. Oxford$eOxford University Press, 1999. xv, 486 p. ; 25 cm. 606 $aGRAN BRETAGNA$xReligione$xSec. 19.-20.$3UONC047472$2FI 606 $aNEOPAGANESIMO$xGran Bretagna$xStoria$3UONC047471$2FI 606 $aSTREGONERIA$xGran Bretagna$xStoria$xSec. 19.-20.$3UONC047470$2FI 620 $aGB$dOxford$3UONL000029 676 $a133.4$cDemonologia e stregoneria (magia nera)$v21 700 1$aHUTTON$bRonald$3UONV123442$0615586 712 $aOxford University Press$3UONV245947$4650 801 $aIT$bSOL$c20241115$gRICA 899 $aSIBA - SISTEMA BIBLIOTECARIO DI ATENEO$2UONSI 912 $aUON00222806 950 $aSIBA - SISTEMA BIBLIOTECARIO DI ATENEO$dSI Angl Smarrito Smarrito Concolato $eSI LO 66394 5 Concolato $sSmarrito 996 $aTriumph oh the moon$91268917 997 $aUNIOR